000 00564nam a2200193Ia 4500
005 20250508165858.0
008 008 250505s9999 xx 000 0 eng d
037 _aTextBook
040 _aFEDL
_beng
_cFEDL
041 _aeng
_2eng
084 _a174.95, ELL/R
_qFEDL
100 _aElliot Kevin C
_9782278
245 0 _aTapestry of values: An introduction to values in science
260 _aLondon, UK
_bOxford University Press
_c2017
300 _axiv, 208p.
365 _aGBP
_b26.49
942 _cTB
_h174.95, ELL/R
999 _c1397963
_d1397963